<?xml version="1.0" encoding="UTF-8"?><?xml-stylesheet type="text/xsl" href="static/style.xsl"?><OAI-PMH xmlns="http://www.openarchives.org/OAI/2.0/" xmlns:xsi="http://www.w3.org/2001/XMLSchema-instance" xsi:schemaLocation="http://www.openarchives.org/OAI/2.0/ http://www.openarchives.org/OAI/2.0/OAI-PMH.xsd"><responseDate>2026-06-06T01:57:43Z</responseDate><request verb="GetRecord" identifier="oai:riuma.uma.es:10630/26389" metadataPrefix="marc">https://riuma.uma.es/rest/oai/request</request><GetRecord><record><header><identifier>oai:riuma.uma.es:10630/26389</identifier><datestamp>2026-02-03T10:50:11Z</datestamp><setSpec>com_10630_2254</setSpec><setSpec>col_10630_37953</setSpec></header><metadata><record xmlns="http://www.loc.gov/MARC21/slim" xmlns:dcterms="http://purl.org/dc/terms/" xmlns:doc="http://www.lyncode.com/xoai" xmlns:xsi="http://www.w3.org/2001/XMLSchema-instance" xsi:schemaLocation="http://www.loc.gov/MARC21/slim http://www.loc.gov/standards/marcxml/schema/MARC21slim.xsd">
   <leader>00925njm 22002777a 4500</leader>
   <datafield ind2=" " ind1=" " tag="042">
      <subfield code="a">dc</subfield>
   </datafield>
   <datafield ind2=" " ind1=" " tag="720">
      <subfield code="a">Vargas-Molina, Salvador</subfield>
      <subfield code="e">author</subfield>
   </datafield>
   <datafield ind2=" " ind1=" " tag="720">
      <subfield code="a">Bonilla, Diego A.</subfield>
      <subfield code="e">author</subfield>
   </datafield>
   <datafield ind2=" " ind1=" " tag="720">
      <subfield code="a">Petro, Jorge Luis</subfield>
      <subfield code="e">author</subfield>
   </datafield>
   <datafield ind2=" " ind1=" " tag="720">
      <subfield code="a">Carbone, Leandro</subfield>
      <subfield code="e">author</subfield>
   </datafield>
   <datafield ind2=" " ind1=" " tag="720">
      <subfield code="a">García-Sillero, Manuel</subfield>
      <subfield code="e">author</subfield>
   </datafield>
   <datafield ind2=" " ind1=" " tag="720">
      <subfield code="a">Jurado‑Castro, José Manuel</subfield>
      <subfield code="e">author</subfield>
   </datafield>
   <datafield ind2=" " ind1=" " tag="720">
      <subfield code="a">Schoenfeld, Brad Jon</subfield>
      <subfield code="e">author</subfield>
   </datafield>
   <datafield ind2=" " ind1=" " tag="720">
      <subfield code="a">Benítez-Porres, Javier</subfield>
      <subfield code="e">author</subfield>
   </datafield>
   <datafield ind2=" " ind1=" " tag="260">
      <subfield code="c">2023</subfield>
   </datafield>
   <datafield ind2=" " ind1=" " tag="520">
      <subfield code="a">Purpose This study evaluated the concurrent training (CT) effect in combination with either progressive energy restriction&#xd;
(PER) or severe energy restriction (SER) on body composition and strength-related variables in resistance-trained women.&#xd;
Methods Fourteen women (29.5 ± 3.8 years; 23.8 ± 2.8 kg·m −2 ) were randomly assigned to a PER (n = 7) or SER (n = 7)&#xd;
group. Participants performed an 8-week CT program. Pre- and post-intervention measures of fat mass (FM) and fat-free mass&#xd;
(FFM) were assessed by dual-energy X-ray absorptiometry and strength-related variables were assessed through 1-repetition&#xd;
maximum (in the squat and bench press) and countermovement jump.&#xd;
Results Significant reductions in FM were observed in PER and SER (Δ = − 1.7 ± 0.4 kg; P = &lt; 0.001; ES = − 0.39 and&#xd;
Δ = − 1.2 ± 0.6 kg; P = 0.002; ES = − 0.20, respectively). After correcting FFM for fat-free adipose tissue (FFAT), no signifi-&#xd;
cant differences for this variable were found either in PER (Δ = − 0.3 ± 0.1; P = 0.071; ES = − 0.06) or in SER (Δ = − 0.2 ± 0.1;&#xd;
P = 0.578; ES = − 0.04). There were no significant changes in the strength-related variables. No between-group differences&#xd;
were found in any of the variables.&#xd;
Conclusion A PER has similar effects to a SER on body composition and strength in resistance-trained women performing&#xd;
a CT program. Given that PER is more flexible and thus may enhance dietary adherence, it might be a better alternative for&#xd;
FM reduction compared to SER.</subfield>
   </datafield>
   <datafield ind1="8" ind2=" " tag="024">
      <subfield code="a">Vargas-Molina, Bonilla, D. A., Petro, J. L., Carbone, L., García-Sillero, M., Jurado-Castro, J. M., Schoenfeld, B. J., &amp; Benítez-Porres, J. (2023). Efficacy of progressive versus severe energy restriction on body composition and strength in concurrent trained women. European Journal of Applied Physiology. https://doi.org/10.1007/s00421-023-05158-8</subfield>
   </datafield>
   <datafield ind1="8" ind2=" " tag="024">
      <subfield code="a">https://hdl.handle.net/10630/26389</subfield>
   </datafield>
   <datafield ind1="8" ind2=" " tag="024">
      <subfield code="a">https://doi.org/10.1007/s00421-023-05158-8</subfield>
   </datafield>
   <datafield tag="653" ind2=" " ind1=" ">
      <subfield code="a">Obesidad - Tratamiento</subfield>
   </datafield>
   <datafield tag="653" ind2=" " ind1=" ">
      <subfield code="a">Ejercicio físico</subfield>
   </datafield>
   <datafield ind2="0" ind1="0" tag="245">
      <subfield code="a">Efficacy of progressive versus severe energy restriction on body composition and strength in concurrent trained women</subfield>
   </datafield>
</record>
</metadata></record></GetRecord></OAI-PMH>